| 000 | 00897nam a22002417a 4500 | ||
|---|---|---|---|
| 999 |
_c65004 _d65004 |
||
| 005 | 20240530110802.0 | ||
| 008 | 190211s2016 ua a g b 000 0 ara d | ||
| 017 |
_bمصر. دار الكتب _a2016/11491 |
||
| 020 | _a9789779040141 | ||
| 040 |
_aEG-CaGPL _cEG-CaGPL |
||
| 082 | 0 | 4 |
_221 _a746.14 _bق/ ن ح |
| 100 | 0 | _aنوال المسيرى | |
| 245 | 1 | 0 |
_aحكايات نسيج الحرير اليدوى فى مصر / _cنوال المسيرى ، واسهامات من حنا نعيم حنا ، سونيا ولى الدين |
| 250 | _aط.1 | ||
| 260 |
_aالقاهرة : _c2016 . |
||
| 300 |
_a195 ص. ؛ _c20 سم. |
||
| 490 | _aالصناعات الثقافية فى مصر | ||
| 504 | _aيشتمل على ارجاعات ببلوجرافية | ||
| 650 | 0 | 7 |
_aالنسيج _2qrmak |
| 650 | 0 | 7 |
_aالحرير _2qrmak |
| 942 |
_2ddc _cBK |
||